00650nam a2200193Ia 4500003000900000008004100009040001600050080001300066100003000079245012200109260003300231300001000264650002000274650001900294700002900313942000700342999001700349952009000366IN-BaIIA211028s9999 xx 000 0 eng d cIIA Library a511bKUD aKudryavtsev, V. A.917895 2aA brief course of higher mathematicscV. A. Kudryavtsev and B. P. Demidovich  aMoscowbMIR Publishersc1984 a693p. aMathematics982 aNASA Thesaurus aDemidovich, B. P.914118 cBK c10524d10524 00104070aBANbKODcGENd1992-12-19l0o511/ KUDp11435r2021-11-05w1992-12-19yBK